000 00221nam a2200085Ia 4500
008 120527s9999 xx 000 0 und d
100 _aMASON, et al
245 _aStatistical techniques in Business and Economics
942 _cBK
999 _c26697
_d26697